| 000 | 01377cam a2200361 4500 | ||
|---|---|---|---|
| 999 |
_c5895 _d5895 |
||
| 001 | 452489 | ||
| 003 | OSt | ||
| 005 | 20251127095036.0 | ||
| 008 | 240124r20202001nyuaf c 000 1 eng | ||
| 020 |
_a9780241387177 _q(pbk.) |
||
| 040 |
_aStDuBDS _beng _cCYC _eaacr _dKH8 |
||
| 042 | _anbic | ||
| 082 | _aFIC COL | ||
| 100 | 1 |
_aColfer, Eoin, _eaut. |
|
| 245 | 1 | 0 |
_aArtemis Fowl / _cEoin Colfer. |
| 260 |
_aLondon : _bPuffin, _c2020. |
||
| 300 |
_a277 p., [8] p. of color plates : _bill. ; _c20 cm. |
||
| 500 | _aAt head of title: Disney. | ||
| 500 | _a"Contains a brand-new note from the author, a letter from director Kenneth Branagh and photos from the film" --Back cover. | ||
| 500 | _aOriginally published: London : Viking, 2001. | ||
| 520 | _aWhen a twelve-year-old evil genius tries to restore his family fortune by capturing a fairy and demanding a ransom in gold, the fairies fight back with magic, technology, and a particularly nasty troll. | ||
| 650 | 0 |
_aFairies _vJuvenile fiction. |
|
| 650 | 0 |
_aKidnapping _vJuvenile fiction. |
|
| 650 | 0 |
_aMagic _vJuvenile fiction. |
|
| 650 | 0 |
_aMothers and sons _vJuvenile fiction. |
|
| 650 | 1 |
_aFairies _vFiction. |
|
| 650 | 1 |
_aKidnapping _vFiction. |
|
| 650 | 1 |
_aMagic _vFiction. |
|
| 650 | 1 |
_aMothers and sons _vFiction. |
|
| 651 | 0 |
_aEngland _vJuvenile fiction. |
|
| 651 | 1 |
_aEngland _vFiction. |
|
| 942 |
_2ddc _cFIC |
||